000 01358nam a2200301 i 4500
999 _c63984
_d63984
001 768714001
003 CO-MdFUSB
005 20180622170748.0
008 170815b20152015ag ||||| |||| 00| 0 spa d
020 _a9789508939012
040 _aCO-MdFUSB
_bspa
_cCO-MdFUSB
_dCO-MdFUSBC
_erda
041 _aspa
082 _223
_a523.1
_bAL388
100 _aAlfonseca, Manuel,
_d1946-
_eautor
245 _aViajes hacia lo infinitamente pequeño y lo infinitamente grande
_c/ Manuel Alfonseca
264 1 _aBuenos Aires :
_bUniversidad Austral. Asociación Civil de Estudios Superiores ;
_bLogos,
_c[2015]
264 4 _c©2015
300 _a236 páginas
_c: 20 cm.
336 _2rdacontent
_a1
_ba1
337 _2rdamedia
_a2
_b5
338 _2rdacarrier
_a2
_b5
490 1 _aColección de las ciencias a la filosofía
504 _aIncluye bibliografía
505 _aPrimera parte: Hacia el microcosmos: del micrómetro al nanómetro -- Del nanómetro al picómtro -- El mundo del femtómetro -- El mundo del attómetro -- Segunda parte: Hacia el macrocosmos: Del megámetro al terámetro -- Del petámetro al exámetro -- Del zettametro al yottametro -- Más allá de la radiación cósmica del fondo -- Hacia el infinito y más allá.
653 _aFísica
_aFilosofía
_aCosmología
830 _aColección de las ciencias a la filosofía
_v2
942 _cBK